Flagi państw nieuznawalnych - Statystyki

Ogólne statystyki
  • Ten quiz został rozwiązany 68 razy
  • Średni wynik to 5 z 8
Statystyki odpowiedzi
Obrazkowy Odpowiedź % Poprawnych
Kosowo
100%
Tajwan
98%
Naddniestrze
80%
Sahara Zachodnia
68%
Abchazja
64%
Górski Karabach
61%
Osetia
52%
Somalilandia
4%
Nie znaleziono quizów pasujących do podanych kryteriów
Rozkład punktacji
Procent ludzi z każdym wynikiem
Percentyl według liczby udzielonych odpowiedzi
Twoja historia wyników
Nie rozwiązałeś tego quizu